Church Commissioners for England v Gisele Meya (Record no. 77662)
[ view plain ]
| 000 -LEADER | |
|---|---|
| fixed length control field | 01822cab a2200241 4500 |
| 001 - CONTROL NUMBER | |
| control field | ##L134817 |
| 008 - FIXED-LENGTH DATA ELEMENTS--GENERAL INFORMATION | |
| fixed length control field | 060904n2006 000 0 eng u |
| 035 ## - SYSTEM CONTROL NUMBER | |
| System control number | (Sirsi) u134817 |
| 041 0# - LANGUAGE CODE | |
| Language code of text/sound track or separate title | eng |
| 245 00 - TITLE STATEMENT | |
| Title | Church Commissioners for England v Gisele Meya |
| 260 ## - PUBLICATION, DISTRIBUTION, ETC. | |
| Date of publication, distribution, etc. | 2006 |
| 520 ## - SUMMARY, ETC. | |
| Summary, etc. | [2006] EWCA Civ 831, 21 June 2006. Concerns the determination of the periods for which rent was last payable under a fixed-term tenancy for the purposes of the Housing Act 1988 s5(3)(d). Appeal by C against the dismissal of their claim for possession of a flat let to M on an assured shorthold tenancy basis, the rent for which was payable quarterly in advance. At the end of final tenancy agreement, C gave M notice to quit and brought possession proceedings. The district judge held that M's tenancy was an annual tenancy for the purposes of s5(3)(d) of the Act and that the notice and proceedings were premature. Held: appeal allowed. The court had to ascertain what was the last rent payment that M had to make and to calculate the period covered by the last payment. In this case the amount of rent actually last payable under the terms of the tenancy was payable in advance in the last quarterly period and therefore the period of the tenancy was quarterly. M was ordered to give up possession. |
| 590 ## - LOCAL NOTE (RLIN) | |
| Local note | IKA050906, KA |
| 650 24 - SUBJECT ADDED ENTRY--TOPICAL TERM | |
| Topical term or geographic name entry element | ASSURED SHORTHOLD TENANCIES |
| 650 24 - SUBJECT ADDED ENTRY--TOPICAL TERM | |
| Topical term or geographic name entry element | HOUSING ACT 1988 S5(3)(D) |
| 650 24 - SUBJECT ADDED ENTRY--TOPICAL TERM | |
| Topical term or geographic name entry element | LAINE AND MITCHELL V CADWALLADER |
| 650 24 - SUBJECT ADDED ENTRY--TOPICAL TERM | |
| Topical term or geographic name entry element | ADLER V BLACKMAN |
| 650 24 - SUBJECT ADDED ENTRY--TOPICAL TERM | |
| Topical term or geographic name entry element | CHURCH COMMISSIONERS FOR ENGLAND V MEYA |
| 651 #4 - SUBJECT ADDED ENTRY--GEOGRAPHIC NAME | |
| Geographic name | England and Wales |
| Chronological subdivision | 1543- |
| 690 ## - LOCAL SUBJECT ADDED ENTRY--TOPICAL TERM (OCLC, RLIN) | |
| Topical term or geographic name as entry element | PROPERTY-RESIDENTIAL PROPERTY-RESIDENTIAL LANDLORD AND TENANT-RESIDENTIAL TENANCIES |
| 856 40 - ELECTRONIC LOCATION AND ACCESS | |
| Uniform Resource Identifier | <a href="https://www.bailii.org/ew/cases/EWCA/Civ/2006/821.html">https://www.bailii.org/ew/cases/EWCA/Civ/2006/821.html</a> |
| Public note | View the judgment free of charge at www.bailii.org... |
| 942 ## - ADDED ENTRY ELEMENTS (KOHA) | |
| Suppress in OPAC | 0 |
| Withdrawn status | Lost status | Source of classification or shelving scheme | Damaged status | Not for loan | Home library | Current library | Shelving location | Date acquired | Total Checkouts | Full call number | Barcode | Date last seen | Copy number | Price effective from | Koha item type |
|---|---|---|---|---|---|---|---|---|---|---|---|---|---|---|---|
| Dewey Decimal Classification | Virtual | Virtual | Online | 04/09/2006 | ONLINE PUBLICATION | 134817-2001 | 06/08/2019 | 1 | 06/08/2019 | Law report |